Представление документа в формате MARC21

Поле Инд. ПП Название Значение
Тип записи a
Библиографический уровень m
001 Контрольный номер b3024a11afa84756a78d4447eefb2b02
005 Дата корректировки 20241106134208.3
020 a ISBN 978-5-7995-1234-7
040 b Код языка каталог. rus
e Правила каталог. PSBO
041 0_ a Код языка текста rus
080 a Индекс УДК 691(075.8)
090 a Полочн. индекс 691
x Авторский знак Б 43
097 b Оператор *Фа*
100 1_ a Автор Белов В.В.
245 10 a Заглавие Современные технологические решения в производстве строительных материалов
b Продолж. заглавия учебное пособие
c Ответственность Тверской государственный технический университет
260 a Место издания Тверь
b Издательство ТвГТУ
c Дата издания 2022
300 a Объем 124 с.
516 8_ a Прим. о типе комп. файла/ данных Текст : электронный
520 0_ a Аннотация Рассмотрены научные принципы создания традиционных и новых строительных материалов на основе структурного подхода к ним как к строительным композитам, а также инновационные пути развития этих материалов и технологий ввиду их высокой эффективности и будущего широкого использования в различных отраслях строительства. Особое внимание уделено общим закономерностям связи структуры и свойств бетонов и других строительных композитов с их свойствами и назначением. Представлены современные технологии производства строительных материалов, которые отражают научные достижения и опыт передовых предприятий России и других стран, а также перспективы развития производства строительных материалов с точки зрения использования техногенных вторичных ресурсов, местного сырья, снижения энергоемкости и повышения качества продукции. Предназначено студентам, обучающимся по направлению подготовки бакалавров и магистров по направлению «Строительство», изучающим дисциплины «Современные технологические решения в производстве строительных материалов», «Эффективные технологии строительных материалов, изделий и конструкций» и прочие смежные технологические дисциплины. Может быть полезно студентам других строительных профилей и специальностей, преподавателям, а также специалистам, работающим в сфере строительства.
535 1_ a Хранилище Сервер
653 0_ a Ключевые слова Строительные композиты
a Ключевые слова Строительные материалы
a Ключевые слова Бетонные конструкции
a Ключевые слова Железобетонные конструкции
a Ключевые слова Ячеистый бетон
a Ключевые слова Сухие строительные смеси
655 a Жанр/ форма (устаревшее) М
700 12 a Другие авторы Курятников Ю.Ю.
700 12 a Другие авторы Трофимов В.И.
900 a Имя макрообъекта 001-000150793-000000000-0000-0000-01
901 t Тип документа m
905 b Дата создания записи обработка 10.10.22
952 a Тип литературы для КСУ ВШ *М2*
952 e Факультет *ИСФ*
990 h N записи в КСУ для Б/У (DOS) 33/2022э
g Размещение заказа (DOS) РИЦ
c Приоритет заказа (DOS) о